000 00311nam a22001217a 4500
082 _a894.812
_bDEP/M
100 _aDEPT OF EDUCATION, GOVT OF KERALA
245 _aSSLC TOP WINNER MALAYALAM
260 _aTRIVANDRUM
_bSIET KERALA
300 _bAUDIO CD-ROM
650 _aMALAYALAM AUDIO CD-ROM
_zKERALA
942 _cBK
999 _c7934
_d7934